[Event "38th Olympiad"]
[Site "Dresden GER"]
[Date "2008.11.19"]
[Round "6"]
[White "Smith,Ro"]
[Black "Waqar,M"]
[Result "0-1"]
[WhiteElo "2316"]
[BlackElo "2207"]
[EventDate "2008.11.13"]

1. e4 c5 2. Nf3 d6 3. d4 cxd4 4. Nxd4 Nf6 5. Nc3 a6 6. Bc4 e6 7. Bb3 Be7 8.
g4 h6 9. Be3 Nc6 10. Rg1 Qc7 11. Qe2 b5 12. Nxc6 Qxc6 13. f3 Bb7 14. h4 Nd7
15. g5 hxg5 16. hxg5 g6 17. O-O-O Nc5 18. Rh1 O-O-O 19. Rh6 b4 20. Bd5 exd5
21. Nxd5 Rhe8 22. Rh7 a5 23. Rxf7 Rd7 24. Kb1 Bd8 25. Rxd7 Nxd7 26. Qh2 Kb8
27. Qh7 Ne5 28. Nf6 Bxf6 29. gxf6 Qc7 30. Ba7+ Kc8 31. Qh3+ Qd7 32. Qf1 Qe6
33. Qb5 Nc6 34. Bd4 Rf8 35. b3 Nxd4 36. Rxd4 Qe5 37. Rc4+ Kb8 38. Qb6 Rh8
39. Qd4 Rf8 40. Qxe5 dxe5 41. Rc5 Rxf6 42. Rxe5 Rxf3 43. Rxa5 Rf4 44. e5
Kc7 45. e6 Be4 46. Re5 Kd8 47. e7+ Ke8 48. Kb2 Bf5 49. c4 Rf2+ 50. Kc1 g5
51. Kd1 g4 52. Ke1 Rf4 0-1

[Event "38th Olympiad"]
[Site "Dresden GER"]
[Date "2008.11.19"]
[Round "6"]
[White "Cawdery,D"]
[Black "Rombaldoni,D"]
[Result "1/2-1/2"]
[WhiteElo "2265"]
[BlackElo "2436"]
[EventDate "2008.11.13"]

1. e4 c6 2. d4 d5 3. Nd2 dxe4 4. Nxe4 Nd7 5. Ng5 Ngf6 6. Bc4 e6 7. Qe2 Nb6
8. Bb3 a5 9. c3 h6 10. Ne4 Nxe4 11. Qxe4 a4 12. Bc2 a3 13. b3 Nd5 14. Ne2
b6 15. O-O Bb7 16. Bd2 Bd6 17. Rad1 Qc7 18. h3 c5 19. Qd3 Nf6 20. c4 Qc6
21. d5 exd5 22. cxd5 Nxd5 23. Qf3 Ne7 24. Qxc6+ Bxc6 25. Nc3 Be5 26. Rfe1
f6 27. Na4 Bxa4 28. bxa4 O-O-O 29. a5 b5 30. a6 Nc6 31. Be3 Bc3 32. Bf4 Ne5
33. Re3 Rxd1+ 34. Bxd1 b4 35. Bxe5 Bxe5 36. Kf1 g5 37. g3 Rd8 38. Bg4+ Kb8
39. f4 gxf4 40. gxf4 Bd6 41. Be2 Ka7 42. Bc4 Rb8 43. Ke2 1/2-1/2

[Event "38th Olympiad"]
[Site "Dresden GER"]
[Date "2008.11.19"]
[Round "6"]
[White "Gundavaa,B"]
[Black "Hansen,LB"]
[Result "0-1"]
[WhiteElo "2458"]
[BlackElo "2570"]
[EventDate "2008.11.13"]

1. d4 d5 2. c4 c6 3. Nf3 Nf6 4. e3 e6 5. Bd3 Nbd7 6. b3 Bd6 7. Bb2 O-O 8.
O-O Qe7 9. Nbd2 e5 10. dxe5 Nxe5 11. Nxe5 Bxe5 12. Bxe5 Qxe5 13. Qc2 Qh5
14. Rae1 Be6 15. c5 Rae8 16. b4 a6 17. Nf3 Bd7 18. Nd4 Re5 19. f4 Re7 20.
h3 Ne4 21. a3 Rfe8 22. Rf3 Qh4 23. Qc1 g5 24. Rff1 Bxh3 25. gxh3 Qg3+ 26.
Kh1 Qxh3+ 27. Kg1 Qg3+ 28. Kh1 Re6 29. Nxe6 Rxe6 0-1

[Event "38th Olympiad"]
[Site "Dresden GER"]
[Date "2008.11.19"]
[Round "6"]
[White "Rasmussen,A"]
[Black "Battulga,N"]
[Result "0-1"]
[WhiteElo "2513"]
[BlackElo "2317"]
[EventDate "2008.11.13"]

1. e4 c5 2. d3 Nc6 3. f4 g6 4. c3 Bg7 5. Be3 b6 6. d4 cxd4 7. cxd4 d5 8. e5
Nh6 9. Nf3 O-O 10. Nc3 Bg4 11. Be2 f6 12. h3 Bxf3 13. Bxf3 e6 14. O-O Rc8
15. Ne2 Qd7 16. Qd2 Rc7 17. Rac1 Rfc8 18. g4 Nf7 19. Nc3 fxe5 20. fxe5 Na5
21. b3 Bf8 22. Ne2 Ba3 23. Rxc7 Rxc7 24. Nf4 Nc6 25. Qd3 Nb4 26. Qb1 Nc2
27. Bf2 Ng5 28. Bg2 Ne4 29. Qd1 Bb2 30. Kh2 Nxf2 31. Rxf2 Bxd4 32. Re2 Qf7
33. Qf1 Ne3 34. Qf3 Bxe5 0-1

[Event "38th Olympiad"]
[Site "Dresden GER"]
[Date "2008.11.19"]
[Round "6"]
[White "Al Sayed,Mohamad"]
[Black "Meijers,V"]
[Result "1-0"]
[WhiteElo "2477"]
[BlackElo "2514"]
[EventDate "2008.11.13"]

1. d4 Nf6 2. c4 e6 3. Nc3 Bb4 4. Qc2 b6 5. Bg5 h6 6. Bh4 Bb7 7. e3 Bxc3+ 8.
Qxc3 d6 9. Qc2 Nbd7 10. Ne2 Qe7 11. Nc3 a6 12. f3 c5 13. dxc5 bxc5 14.
O-O-O d5 15. cxd5 exd5 16. Nxd5 Bxd5 17. Rxd5 g5 18. Rxd7 Nxd7 19. Bf2 h5
20. h4 g4 21. Be2 g3 22. Be1 Rh6 23. e4 Qe5 24. Bd2 Rb6 25. f4 Qd4 26. e5
Rab8 27. Bc3 Qe3+ 28. Kb1 a5 29. Bxh5 Qxf4 30. Be2 a4 31. a3 Nxe5 32. Rf1
Qe3 33. Re1 c4 34. Ka1 Kf8 35. Bd1 Qf2 36. Rxe5 Rd8 37. Be2 Re6 38. Rxe6
fxe6 39. Qh7 1-0

[Event "38th Olympiad"]
[Site "Dresden GER"]
[Date "2008.11.19"]
[Round "6"]
[White "Kazhgaleyev,M"]
[Black "Grooten,H"]
[Result "1-0"]
[WhiteElo "2640"]
[BlackElo "2376"]
[EventDate "2008.11.13"]

1. d4 Nf6 2. c4 e6 3. Nc3 Bb4 4. g3 c5 5. Nf3 cxd4 6. Nxd4 Ne4 7. Qd3 Bxc3+
8. bxc3 Nc5 9. Qf3 d6 10. Bg2 Bd7 11. O-O O-O 12. Ba3 Nba6 13. Rfd1 Qe7 14.
Qe3 Ba4 15. Rd2 Rfd8 16. Nb5 Kf8 17. Rb1 h6 18. Rbb2 Rac8 19. Nxa7 Rc7 20.
Nb5 Bxb5 21. cxb5 Nb8 22. Rb1 Nbd7 23. Rbd1 d5 24. c4 Nb6 25. Rc1 d4 26.
Rxd4 Ra8 27. Bb4 Kg8 28. Bxb7 Rxa2 29. Bc6 Nba4 30. Rcd1 Rb2 31. Ba3 Rb3
32. Rd8+ Kh7 33. Qxb3 Nxb3 34. Bxe7 Rxe7 35. R1d7 Rxd7 36. Rxd7 1-0

[Event "38th Olympiad"]
[Site "Dresden GER"]
[Date "2008.11.19"]
[Round "6"]
[White "Ibrayev,N"]
[Black "Maduro,S"]
[Result "1-0"]
[WhiteElo "2448"]
[BlackElo "2048"]
[EventDate "2008.11.13"]

1. d4 Nf6 2. Nf3 g6 3. c4 Bg7 4. g3 O-O 5. Bg2 d6 6. O-O Bg4 7. Nc3 Nc6 8.
d5 Bxf3 9. exf3 Ne5 10. b3 Qc8 11. Re1 Qf5 12. Re3 Nfd7 13. h3 g5 14. Bd2
Bh6 15. Re1 Rae8 16. h4 Bg7 17. hxg5 f6 18. gxf6 Rxf6 19. f4 Ref8 20. Ne4
Rg6 21. fxe5 Nxe5 22. Bc3 Ng4 23. f3 Bxc3 24. Nxc3 Ne5 25. Ne4 Nxf3+ 26.
Qxf3 Qxf3 27. Bxf3 Rxf3 28. Kg2 1-0

[Event "38th Olympiad"]
[Site "Dresden GER"]
[Date "2008.11.19"]
[Round "6"]
[White "Flanders,C"]
[Black "Zhumabayev,R"]
[Result "0-1"]
[WhiteElo "2021"]
[BlackElo "2490"]
[EventDate "2008.11.13"]

1. d4 Nf6 2. c4 e6 3. Nc3 Bb4 4. Qc2 c5 5. dxc5 O-O 6. Nf3 Bxc5 7. e3 b6 8.
Be2 Bb7 9. b3 Be7 10. Bb2 a6 11. Rd1 d6 12. O-O Nbd7 13. Ng5 h6 14. Nge4
Qc7 15. f4 b5 16. Nxf6+ Nxf6 17. Qd2 bxc4 18. Bxc4 d5 19. Be2 Bb4 20. Qd3
Qe7 21. Bf3 Bc6 22. Rf2 Rfd8 23. Ne2 Bb5 24. Qb1 Ne4 25. Bxe4 dxe4 26. Nd4
Bd3 27. Qa1 Qe8 28. Nf3 exf3 29. Bxg7 Bg6 30. Rdf1 Bf8 31. Bf6 Be7 32. Bg7
Bf8 33. Bf6 Rd3 34. Rxf3 Rc8 35. e4 Bxe4 36. Rxd3 Bxd3 37. Rf3 Bg6 38. Rg3
Qc6 39. Rc3 Qb6+ 40. Kh1 Rxc3 41. Qxc3 Qf2 42. Qc1 Qxa2 43. h4 Be4 44. Qf1
Qxb3 0-1

[Event "38th Olympiad"]
[Site "Dresden GER"]
[Date "2008.11.19"]
[Round "6"]
[White "Rodriguez,Sa"]
[Black "Flores,Di"]
[Result "0-1"]
[WhiteElo "2262"]
[BlackElo "2569"]
[EventDate "2008.11.13"]

1. d4 d6 2. e4 Nf6 3. Nc3 g6 4. f4 Bg7 5. Nf3 O-O 6. Bd3 Na6 7. O-O c5 8.
d5 Nc7 9. a4 Bg4 10. Kh1 e6 11. dxe6 fxe6 12. Qe1 Bxf3 13. Rxf3 d5 14. e5
Ng4 15. b3 Qe7 16. Bd2 Rf7 17. Ne2 Raf8 18. Ng1 b6 19. Nh3 Rf5 20. Bxf5
exf5 21. a5 b5 22. b4 c4 23. Be3 Nxe3 24. Qxe3 Ne6 25. c3 Rd8 26. Rd1 d4
27. cxd4 Rd5 28. Qc3 Bf8 29. Rf2 Qxb4 30. Qf3 Nc7 31. Ng5 Qe7 32. a6 h6 33.
Nh3 Qd7 34. Rff1 Ne6 35. Ng1 b4 36. Qg3 Kh7 37. Nf3 Be7 38. h3 c3 39. Rd3
Qb5 40. Rc1 Nxf4 41. Qxf4 Qxd3 42. e6 Rd6 0-1

[Event "38th Olympiad"]
[Site "Dresden GER"]
[Date "2008.11.19"]
[Round "6"]
[White "Hernandez Guerrero,G"]
[Black "Lima,Da"]
[Result "0-1"]
[WhiteElo "2549"]
[BlackElo "2488"]
[EventDate "2008.11.13"]

1. e4 e5 2. Nf3 d6 3. d4 exd4 4. Nxd4 Nf6 5. Nc3 Be7 6. g3 d5 7. e5 Ng4 8.
e6 Nf6 9. exf7+ Kxf7 10. Bg2 Re8 11. O-O c6 12. Nce2 Na6 13. c4 c5 14. Nf3
d4 15. Nf4 Nc7 16. b4 cxb4 17. Bb2 a5 18. Bxd4 Ra6 19. Qc2 Kg8 20. Rad1 Bd6
21. Ng5 Bxf4 22. Bxf6 Qxf6 23. Qxh7+ Kf8 24. gxf4 Qh6 25. Qd3 Qh4 26. Rfe1
Qxf4 27. Rxe8+ Nxe8 28. Qd8 Bf5 29. Re1 Bg6 30. Qe7+ 0-1

[Event "38th Olympiad"]
[Site "Dresden GER"]
[Date "2008.11.19"]
[Round "6"]
[White "Braga,C"]
[Black "Capo Vidal,U"]
[Result "1/2-1/2"]
[WhiteElo "2415"]
[BlackElo "2340"]
[EventDate "2008.11.13"]

1. c4 e6 2. Nf3 Nf6 3. g3 d5 4. b3 Be7 5. Bg2 O-O 6. O-O c5 7. Bb2 b6 8. e3
Bb7 9. Nc3 Nbd7 10. Qe2 Rc8 11. Rac1 Qc7 12. Rfd1 Rfd8 13. cxd5 Nxd5 14.
Nxd5 exd5 15. d4 Qd6 16. dxc5 bxc5 17. Ne1 Bf6 18. Nd3 Ba6 19. Bxf6 Nxf6
20. Qc2 c4 21. Nf4 Qa3 22. Nxd5 cxb3 23. Nxf6+ gxf6 24. Rxd8+ Rxd8 25. axb3
Rc8 26. Qxc8+ Bxc8 27. Rxc8+ Kg7 28. Bd5 Qa1+ 29. Kg2 Qe5 30. Bc4 Qe4+ 31.
Kg1 1/2-1/2

[Event "38th Olympiad"]
[Site "Dresden GER"]
[Date "2008.11.19"]
[Round "6"]
[White "Hracek,Z"]
[Black "Montalvo,A"]
[Result "1-0"]
[WhiteElo "2613"]
[BlackElo "2223"]
[EventDate "2008.11.13"]

1. e4 c6 2. d4 d5 3. Nc3 dxe4 4. Nxe4 Bf5 5. Ng3 Bg6 6. Bc4 e6 7. N1e2 Bd6
8. h4 h6 9. Nf4 Bxf4 10. Bxf4 Nf6 11. h5 Bh7 12. Qe2 O-O 13. O-O-O Nbd7 14.
Bd3 Qa5 15. Bxh7+ Kxh7 16. Kb1 c5 17. Ne4 cxd4 18. Rxd4 Kh8 19. g4 Nxe4 20.
Qxe4 Nf6 21. Qe5 Nd5 22. Re1 Rae8 23. Bd2 Qb6 24. c3 f6 25. Qe4 f5 26. Qe5
fxg4 27. Bxh6 Nxc3+ 28. Ka1 Rf7 29. Rxg4 1-0

[Event "38th Olympiad"]
[Site "Dresden GER"]
[Date "2008.11.19"]
[Round "6"]
[White "Stocek,J"]
[Black "Bermudez Adams,W"]
[Result "1-0"]
[WhiteElo "2578"]
[BlackElo "2169"]
[EventDate "2008.11.13"]

1. Nf3 c5 2. c4 Nf6 3. Nc3 d5 4. cxd5 Nxd5 5. d4 e6 6. e3 Nxc3 7. bxc3 cxd4
8. exd4 Be7 9. Bd3 Nd7 10. O-O Qc7 11. c4 Nf6 12. Re1 O-O 13. Bb2 b6 14.
Qe2 Bb4 15. Red1 Re8 16. Rac1 Bb7 17. Ne5 Qe7 18. h4 g6 19. Qe3 Rac8 20.
Be2 Ne4 21. g3 Bd6 22. Nd3 Ba3 23. Bxa3 Qxa3 24. Bf3 Nd6 25. Bxb7 Nxb7 26.
c5 e5 27. c6 exd4 28. cxb7 dxe3 29. Rxc8 Qa4 30. Rxe8+ Qxe8 31. Rc1 exf2+
32. Nxf2 Kg7 33. Rc8 1-0

[Event "38th Olympiad"]
[Site "Dresden GER"]
[Date "2008.11.19"]
[Round "6"]
[White "Al Hadarani,H"]
[Black "Moradiabadi,E"]
[Result "0-1"]
[WhiteElo "2308"]
[BlackElo "2499"]
[EventDate "2008.11.13"]

1. Nf3 Nf6 2. d4 e6 3. e3 c5 4. Bd3 b6 5. O-O Bb7 6. Nbd2 Be7 7. e4 cxd4 8.
Nxd4 Nc6 9. Nxc6 Bxc6 10. e5 Nd5 11. c4 Nf4 12. Be4 Qc7 13. Qf3 Ng6 14.
Bxc6 dxc6 15. Re1 Rd8 16. Qc3 O-O 17. Nf3 Rd7 18. a3 Rfd8 19. b4 Rd3 20.
Qc2 Nxe5 21. Nxe5 Qxe5 22. Bb2 Qf5 23. Bc3 Qg4 24. Qb2 Bf8 25. Rac1 c5 26.
Be5 Rd2 27. Qb1 Re2 28. Bg3 Rxe1+ 29. Rxe1 Qxc4 30. b5 Qa4 31. Qb2 Rd1 32.
f3 c4 33. h3 Rxe1+ 34. Bxe1 Qxa3 35. Qd2 Qd6 36. Qc3 Qc5+ 0-1

[Event "38th Olympiad"]
[Site "Dresden GER"]
[Date "2008.11.19"]
[Round "6"]
[White "Ahmed,Abdu"]
[Black "Noritsyn,N"]
[Result "1/2-1/2"]
[WhiteElo "2246"]
[BlackElo "2372"]
[EventDate "2008.11.13"]

1. e4 c5 2. Nf3 Nc6 3. d4 cxd4 4. Nxd4 g6 5. c4 Bg7 6. Be3 Qb6 7. Nb5 Qa5+
8. Bd2 Qd8 9. Bc3 Nf6 10. Nd2 O-O 11. Be2 d6 12. O-O Qb6 13. a4 a5 14. Kh1
Nd7 15. Bxg7 Kxg7 16. Nb1 Nf6 17. N1c3 Nb4 18. f4 Rd8 19. Rc1 Bd7 20. Qd2
Rac8 21. b3 Bc6 22. Bf3 Nd7 23. Nd5 Nxd5 24. exd5 Bxb5 25. axb5 Ra8 26.
Rce1 Re8 27. Bd1 Qc5 28. Re3 Nf6 29. f5 g5 30. Rxe7 h6 31. Rfe1 Qb4 32. Qf2
a4 33. Rxe8 Rxe8 34. Rxe8 Nxe8 35. Qd4+ Nf6 36. bxa4 Qe1+ 37. Qg1 Qd2 38.
Qf1 b6 39. Be2 Ne4 40. g3 Kf6 41. Kg1 Nc3 42. Bf3 Nxa4 43. Qh3 Qd4+ 44. Kg2
Qb2+ 45. Kg1 Kg7 46. Qg4 Qc1+ 47. Kg2 Qd2+ 48. Kh3 Nc5 49. Be2 Nd7 50. Qf3
Nf6 51. Qd3 Qb2 52. Kg2 Nd7 53. Qe3 Ne5 54. Kf1 Qb1+ 55. Kg2 Qc2 56. Kg1
Kf6 57. g4 Kg7 58. h3 Qb1+ 59. Kf2 Qb2 60. Kf1 Qa1+ 61. Kg2 Qe1 62. Qf2 Qd2
63. Bf1 Qc3 64. f6+ Kg8 65. Qf5 Ng6 66. Qc8+ Kh7 67. Qf5 Kg8 68. Qc8+ Kh7
69. Qf5 Qd2+ 70. Kg1 Qe3+ 71. Kg2 Kg8 72. Qc8+ Kh7 73. Qf5 Qd2+ 74. Kg1
Qd4+ 75. Kh1 Kg8 76. Qc8+ Nf8 77. Qf5 Qe3 78. Kg2 Qd2+ 79. Kh1 Qe1 80. Kg2
Qe8 81. Bd3 Ng6 82. Kf2 Kf8 83. h4 gxh4 84. Qh5 Qe5 85. Bxg6 Qf4+ 86. Ke2
fxg6 87. Qxg6 Qg5 88. Qg7+ Qxg7 89. fxg7+ Kxg7 90. Kf3 Kf6 91. Kf4 Kg6 92.
Ke4 Kf6 93. Kf4 Kf7 94. Kf3 Kg6 95. Ke4 Kf6 96. Kf4 Kg6 97. Ke4 Kf6 98. Kf4
Kf7 99. c5 1/2-1/2

[Event "38th Olympiad"]
[Site "Dresden GER"]
[Date "2008.11.19"]
[Round "6"]
[White "Samakov,N"]
[Black "Polaczek,R"]
[Result "1/2-1/2"]
[WhiteElo "2340"]
[BlackElo "2419"]
[EventDate "2008.11.13"]

1. e4 e6 2. Qe2 d5 3. d3 Nc6 4. Nf3 Nf6 5. g3 Be7 6. Bg2 O-O 7. O-O Re8 8.
e5 Nd7 9. d4 f6 10. h4 fxe5 11. dxe5 Rf8 12. Bf4 Nb6 13. Nbd2 Rxf4 14. gxf4
Qf8 15. Bh3 Qxf4 16. Qe3 Qxe3 17. fxe3 Bd7 18. Rae1 Nb4 19. a3 Nxc2 20. Rc1
Nxe3 21. Rfe1 Nec4 22. Nxc4 dxc4 23. Red1 Rf8 24. Ng5 Bc8 25. Rf1 Re8 26.
Kg2 Nd5 27. Kg3 c3 28. bxc3 Bxa3 29. Ra1 Bb2 30. Rxa7 Bxc3 31. Ra8 Bxe5+
32. Kf3 Nf4 33. Ke4 h6 34. Rxf4 Bxf4 35. Bxe6+ Kf8 36. Nh7+ Ke7 37. Bxc8 g5
38. Bxb7 Rxa8 39. Bxa8 Bc1 40. h5 Kf7 41. Kf3 Kg7 42. Be4 Bb2 1/2-1/2

[Event "38th Olympiad"]
[Site "Dresden GER"]
[Date "2008.11.19"]
[Round "6"]
[White "Cekro,E"]
[Black "Takyrbashev,B"]
[Result "1-0"]
[WhiteElo "2419"]
[BlackElo "2142"]
[EventDate "2008.11.13"]

1. c4 Nf6 2. g3 g6 3. Bg2 Bg7 4. Nc3 O-O 5. e3 e5 6. Nge2 c6 7. d4 d6 8. h3
Na6 9. O-O Re8 10. e4 exd4 11. Nxd4 Qb6 12. Re1 Nd7 13. Nc2 Ne5 14. Ne3 Be6
15. Qe2 Nc5 16. Rd1 a5 17. Kh2 f5 18. exf5 gxf5 19. Qc2 Rf8 20. Rxd6 Qc7
21. Rxe6 Nxe6 22. Nxf5 Qf7 23. Nxg7 Nxg7 24. f4 Nxc4 25. Ne4 h6 26. b3 Nb6
27. Bb2 Nd5 28. Re1 Rad8 29. Nf2 h5 30. Be5 Nf5 31. Qe2 Qg6 32. Rg1 Kh7 33.
Be4 Qh6 34. Nd3 Rde8 35. g4 Rxe5 36. fxe5 Qe3 37. Qxe3 Ndxe3 38. gxf5 1-0

[Event "38th Olympiad"]
[Site "Dresden GER"]
[Date "2008.11.19"]
[Round "6"]
[White "Saiboulatov,D"]
[Black "Davletbakov,S"]
[Result "1-0"]
[WhiteElo "2360"]
[BlackElo "2145"]
[EventDate "2008.11.13"]

1. e4 c5 2. Nf3 d6 3. d4 cxd4 4. Nxd4 Nf6 5. Nc3 a6 6. h3 e6 7. g4 Be7 8.
Bg2 Qc7 9. Be3 Nc6 10. O-O Ne5 11. g5 Nfd7 12. Nce2 Nc4 13. Bc1 b5 14. Nf4
Nc5 15. b3 Nb6 16. Nh5 Rg8 17. Ng3 Bb7 18. Qh5 Rh8 19. Be3 g6 20. Qg4 O-O-O
21. a4 bxa4 22. Rfb1 Nbd7 23. Qe2 e5 24. Nf3 a5 25. Qd2 Nb8 26. Ne1 Nc6 27.
Nd3 axb3 28. cxb3 Ba6 29. Bf1 Bb7 30. Qc3 Ne6 31. Rc1 Kd7 32. Qd2 1-0

[Event "38th Olympiad"]
[Site "Dresden GER"]
[Date "2008.11.19"]
[Round "6"]
[White "Kulaots,K"]
[Black "Adu,O"]
[Result "1-0"]
[WhiteElo "2556"]
[BlackElo "2298"]
[EventDate "2008.11.13"]

1. e4 c5 2. Nf3 e6 3. d4 cxd4 4. Nxd4 Qb6 5. Nc3 a6 6. a3 d6 7. Be2 Nf6 8.
O-O Be7 9. Be3 Qc7 10. f4 b5 11. Bf3 Bb7 12. g4 Nc6 13. g5 Nd7 14. f5 Nxd4
15. Bxd4 Ne5 16. fxe6 fxe6 17. Bg2 O-O-O 18. Bh3 Kb8 19. Bxe6 Bxg5 20. Nd5
Bxd5 21. Bxd5 Rhf8 22. a4 b4 23. c3 Rxf1+ 24. Qxf1 Qc8 25. Qg2 Bf6 26. Bb6
Rf8 27. cxb4 Nf3+ 28. Kh1 Be5 29. Rf1 Nxh2 30. Ba7+ Kxa7 31. Qg1+ Qc5 32.
Rxf8 Qxg1+ 33. Kxg1 Ng4 34. a5 Bd4+ 35. Kh1 1-0

[Event "38th Olympiad"]
[Site "Dresden GER"]
[Date "2008.11.19"]
[Round "6"]
[White "Sepp,O"]
[Black "Bomo,K"]
[Result "1-0"]
[WhiteElo "2448"]
[BlackElo "1988"]
[EventDate "2008.11.13"]

1. Nf3 Nf6 2. g3 b6 3. Bg2 Bb7 4. O-O e6 5. c4 c5 6. Nc3 Be7 7. Re1 O-O 8.
e4 d6 9. d4 Nbd7 10. e5 Ne8 11. d5 exd5 12. Nxd5 dxe5 13. Nxe5 Nxe5 14.
Rxe5 Bd6 15. Re1 Rc8 16. Qa4 Bxd5 17. Bxd5 Qc7 18. Bd2 Nf6 19. Bc3 Nd7 20.
f4 Rfe8 21. Rad1 Rcd8 22. Rxe8+ Rxe8 23. Bc6 Re7 24. Bxd7 Rxd7 25. Be5 h6
26. Rxd6 Rxd6 27. Qe8+ Kh7 28. Qf8 1-0

[Event "38th Olympiad"]
[Site "Dresden GER"]
[Date "2008.11.19"]
[Round "6"]
[White "Buhmann,R"]
[Black "Bachmann,Ax"]
[Result "1-0"]
[WhiteElo "2541"]
[BlackElo "2555"]
[EventDate "2008.11.13"]

1. Nf3 g6 2. c4 Bg7 3. Nc3 d6 4. d4 Bg4 5. e3 e5 6. Be2 Nc6 7. d5 Nce7 8.
e4 Bd7 9. h4 Nf6 10. Nh2 c6 11. g4 Qa5 12. Bd2 Qb6 13. Qb3 Qc7 14. Rc1 c5
15. Kd1 a6 16. a4 h5 17. g5 Ng4 18. Nxg4 hxg4 19. Kc2 f5 20. gxf6 Bxf6 21.
Rcg1 Rxh4 22. Rxh4 Bxh4 23. Rh1 Bf6 24. Bg5 Bxg5 25. Rh8+ Kf7 26. Rxa8 Nc8
27. a5 Kf6 28. Kb1 Bf4 29. Qd1 Kg5 30. Qg1 Kh4 31. Qh1+ Kg5 32. Qg1 Kh4 33.
Qh1+ Kg5 34. Qh7 Qd8 35. Rb8 Qc7 36. Ra8 Qd8 37. Bd1 Bd2 38. Ba4 Bxa4 39.
Nxa4 Qxa5 40. Qd7 b5 41. Nxc5 dxc5 42. Rxc8 Qa4 43. Qe7+ Kf4 44. Qf6+ Kxe4
45. Qxg6+ Kd4 46. Qc2 1-0

[Event "38th Olympiad"]
[Site "Dresden GER"]
[Date "2008.11.19"]
[Round "6"]
[White "Franco Ocampos,Z"]
[Black "Naumann,A"]
[Result "1/2-1/2"]
[WhiteElo "2501"]
[BlackElo "2518"]
[EventDate "2008.11.13"]

1. d4 d5 2. Nf3 Nf6 3. e3 Bf5 4. c4 c6 5. Nc3 e6 6. Nh4 Bg6 7. Nxg6 hxg6 8.
Bd2 Nbd7 9. g3 Bb4 10. Qb3 Bxc3 11. Bxc3 Ne4 12. Bg2 Nxc3 13. Qxc3 Qe7 14.
O-O f5 15. cxd5 exd5 16. b4 Nf6 17. Rfc1 Ne4 18. Qb2 g5 19. b5 Rh6 20. Rab1
Rc8 21. bxc6 bxc6 22. Qb7 Qd7 23. Qxd7+ Kxd7 24. Rb7+ Rc7 25. Rb8 Rc8 26.
Rcb1 Nd6 27. Bf1 g4 28. Ba6 Rch8 29. Rxh8 Rxh8 30. Kg2 Kc7 1/2-1/2

[Event "38th Olympiad"]
[Site "Dresden GER"]
[Date "2008.11.19"]
[Round "6"]
[White "Jorczik,J"]
[Black "Patriarca,L"]
[Result "1-0"]
[WhiteElo "2382"]
[BlackElo "2318"]
[EventDate "2008.11.13"]

1. d4 Nf6 2. c4 e6 3. Nf3 d5 4. Nc3 Bb4 5. Qa4+ Nc6 6. e3 O-O 7. Qc2 dxc4
8. Bxc4 Bd6 9. O-O e5 10. dxe5 Nxe5 11. Nxe5 Bxe5 12. h3 Qe7 13. Bd3 Re8
14. Bd2 Bd7 15. Rae1 Bxc3 16. Bxc3 Ne4 17. Bd4 c5 18. Bxe4 Qxe4 19. Qxe4
Rxe4 20. f3 Re6 21. Bxc5 Rg6 22. g4 Rc6 23. Bd4 a6 24. Rf2 Be6 25. a3 Rac8
26. Bc3 Rd8 27. Kg2 f6 28. Kg3 Kf7 29. e4 Bb3 30. Rfe2 Bc4 31. Re3 Rd3 32.
Rxd3 Bxd3 33. f4 Re6 34. Kf3 Bc2 35. h4 Rd6 36. Kg2 Rd1 37. Re2 Bb3 38. g5
Rd3 39. Re1 Ba4 40. e5 Bc6+ 41. Kh2 fxe5 42. Rxe5 Rf3 43. f5 Rf4 44. Kg3
Re4 45. g6+ hxg6 46. fxg6+ Kxg6 47. Rg5+ Kh7 48. Rxg7+ Kh6 49. Rc7 Kh5 50.
Rh7+ Kg6 51. Rh8 Re3+ 52. Kf2 Rf3+ 53. Ke2 Rf5 54. Ke3 Rd5 55. Rg8+ Kh6 56.
Bf6 Rf5 57. Bg5+ Kh7 58. Rc8 Kg6 59. Kd4 Rb5 60. b4 Rd5+ 61. Kc4 Rf5 62.
Be3 Bb5+ 63. Kd4 Bc6 64. Rh8 Bf3 65. Rh6+ Kg7 66. Rd6 Kh7 67. a4 Kg7 68. a5
Kh7 69. Bg5 Kg7 70. Ke3 Bc6 71. Kd4 Bf3 72. Kc4 Bc6 73. Be3 Bf3 74. Bd4+
Kh7 75. Bf6 Be2+ 76. Kd4 Bf3 77. Be5 Bc6 78. Re6 Kg8 79. Kc5 Bf3 80. Kd6
Kh7 81. Re7+ Kg6 82. Ke6 Rf8 83. Rg7+ Kh6 84. Rg3 Kh5 85. Bf6 Re8+ 1-0

[Event "38th Olympiad"]
[Site "Dresden GER"]
[Date "2008.11.19"]
[Round "6"]
[White "Kropff,R"]
[Black "Heimann,An"]
[Result "1/2-1/2"]
[WhiteElo "2286"]
[BlackElo "2428"]
[EventDate "2008.11.13"]

1. d4 Nf6 2. c4 g6 3. Nc3 Bg7 4. e4 d6 5. f3 O-O 6. Be3 c5 7. Nge2 Nc6 8.
d5 Ne5 9. Ng3 e6 10. Be2 exd5 11. cxd5 a6 12. a4 Rb8 13. Qd2 Re8 14. O-O
Bd7 15. a5 Bc8 16. Na4 Ned7 17. Bh6 Bxh6 18. Qxh6 Qxa5 19. f4 Qd2 20. Nc3
b5 21. Rad1 Qe3+ 22. Kh1 b4 23. Nf5 gxf5 24. Rd3 Rxe4 25. Nxe4 Qxe2 26.
Rg3+ Ng4 27. Qg5+ Kf8 28. Qd8+ Kg7 29. Qg5+ Kf8 30. Qd8+ Kg7 31. Qg5+
1/2-1/2

[Event "38th Olympiad"]
[Site "Dresden GER"]
[Date "2008.11.19"]
[Round "6"]
[White "Khamrakulov,D"]
[Black "Elbaruni,M"]
[Result "1/2-1/2"]
[WhiteElo "2533"]
[BlackElo "2072"]
[EventDate "2008.11.13"]

1. e4 e5 2. Nf3 Nf6 3. Nc3 Nc6 4. d4 exd4 5. Nxd4 Bb4 6. Nxc6 bxc6 7. Bd3
d5 8. exd5 cxd5 9. O-O O-O 10. Bg5 c6 11. Qf3 Bd6 12. h3 Rb8 13. Na4 Rb4
14. b3 h6 15. Bxf6 Qxf6 16. Qxf6 gxf6 17. Rad1 Kh8 18. Rfe1 Rh4 19. Kf1 Rg8
20. c3 Be6 21. Ba6 Rh5 22. Bb7 Rhg5 23. Bxc6 Rxg2 24. Re3 Rh2 25. Ke2 Rgg2
26. Rf1 Bg3 27. Rf3 Bxh3 28. Kd3 Be5 29. Bxd5 Bg4 30. Re3 Rxf2 31. Rxf2
Rxf2 32. Bxf7 h5 33. Nc5 h4 34. Kc4 h3 35. Nd3 Re2 36. Rxe2 Bxe2 37. Bd5
Bg3 38. Kd4 Bf1 39. Ke3 Kg7 40. Ke4 1/2-1/2

[Event "38th Olympiad"]
[Site "Dresden GER"]
[Date "2008.11.19"]
[Round "6"]
[White "Ho Cheng Fai"]
[Black "Djuraev,S"]
[Result "0-1"]
[WhiteElo "2041"]
[BlackElo "2339"]
[EventDate "2008.11.13"]

1. d4 d6 2. c4 e5 3. d5 f5 4. Nc3 Nf6 5. Nf3 Be7 6. Qc2 O-O 7. h4 e4 8. Ng5
c6 9. Bf4 Na6 10. O-O-O cxd5 11. e3 h6 12. Nh3 Qa5 13. Kb1 Be6 14. f3 Nb4
15. Qd2 dxc4 16. a3 Nc6 17. Qf2 d5 18. Ng5 hxg5 19. hxg5 Bxa3 20. g6 Qb4
21. Rd2 Ne7 22. Qg3 d4 23. Be5 f4 24. Qg5 Bxb2 25. Rxb2 Qxc3 26. Be2 exf3
27. gxf3 fxe3 28. Rxb7 Bf5+ 29. Ka2 Qa5+ 30. Kb2 c3+ 31. Kb3 Be6+ 32. Kc2
Qa2+ 33. Kc1 Qd2+ 34. Kb1 c2+ 35. Ka1 Qc3+ 36. Rb2 Qa3+ 0-1

[Event "38th Olympiad"]
[Site "Dresden GER"]
[Date "2008.11.19"]
[Round "6"]
[White "Yu,Ma"]
[Black "Hassan,Ab"]
[Result "0-1"]
[WhiteElo "2006"]
[BlackElo "2287"]
[EventDate "2008.11.13"]

1. e4 c6 2. d4 d5 3. Nc3 dxe4 4. Nxe4 Nf6 5. Nxf6+ gxf6 6. g3 Be6 7. Bg2
Qd7 8. h4 Na6 9. Ne2 O-O-O 10. Be3 Bd5 11. Bh3 e6 12. O-O Bf3 13. c4 f5 14.
Bg2 Bxg2 15. Kxg2 c5 16. Qc2 f4 17. Bxf4 cxd4 18. Qe4 f6 19. Rfd1 e5 20.
Bc1 Nc5 21. Qf3 f5 22. b4 Ne4 23. Qb3 Bg7 24. Bb2 Kb8 25. a4 Qe6 26. Qa2
Nd6 27. c5 Nc4 28. Kg1 Rhe8 29. a5 f4 30. Kh2 f3 31. Ng1 e4 32. Rac1 Nxb2
33. Qxb2 Bf6 34. b5 Bxh4 35. c6 Rd5 36. b6 Bxg3+ 0-1

[Event "38th Olympiad"]
[Site "Dresden GER"]
[Date "2008.11.19"]
[Round "6"]
[White "AlHuwar,J"]
[Black "Lam Mingo Kwok Wai"]
[Result "1-0"]
[WhiteElo "2230"]
[BlackElo "1665"]
[EventDate "2008.11.13"]

1. Nf3 d6 2. d4 g6 3. b3 Bg7 4. Bb2 Bd7 5. g3 Qc8 6. Bg2 Nc6 7. O-O Bh3 8.
e4 e5 9. dxe5 dxe5 10. Nbd2 Nh6 11. Nc4 f6 12. Ba3 b5 13. Bxh3 Qxh3 14. Qd5
Qd7 15. Qxb5 Nd4 16. Qxd7+ Kxd7 17. Rad1 Ke6 18. Nxd4+ exd4 19. Rxd4 Rhd8
20. Rfd1 Rxd4 21. Rxd4 f5 22. exf5+ Nxf5 23. Rd2 Nd4 24. Kg2 Nf5 25. Bc5
Bf6 26. f4 h5 27. Kf3 Bc3 28. Rd3 Bf6 29. h3 Rh8 30. a4 a6 31. Nd2 Rd8 32.
Rxd8 Bxd8 33. g4 Nd6 34. Ne4 hxg4+ 35. hxg4 Nxe4 36. Kxe4 c6 37. f5+ gxf5+
38. gxf5+ Kf7 39. Ke5 Bc7+ 40. Bd6 Bd8 41. Bb8 Bh4 42. Kd6 Bg3+ 43. Kxc6
Bxb8 44. Kb7 Bd6 45. Kxa6 Kf6 46. a5 Kxf5 47. Kb7 Bc5 48. a6 Ke6 49. b4 Kd5
1-0